| 000 | 00643 a2200193 4500 | ||
|---|---|---|---|
| 005 | 20240516104024.0 | ||
| 010 | _aB-759027 | ||
| 020 | _a9789322008055 | ||
| 035 | _aB-759027 | ||
| 037 | _bGift/Unesco | ||
| 082 | _a362.70954 | ||
| 100 |
_aVenugopal, K.R _966252 |
||
| 245 |
_aThe Integrated Child Development Services A Flagship Adrift / _cK.R Venugopal |
||
| 260 |
_aNew Delhi _bKonark Publishers Pvt Ltd _c2012 |
||
| 270 |
_a206, First Floor, Peacock Lane Shahpur Jat _bNew Delhi _e110049 |
||
| 300 |
_a185 p. _c23cm (Hb) |
||
| 942 |
_adpl _cEN _2ddc _h362.70954 _mVEN |
||
| 999 |
_c202856 _d202856 |
||